00675nam a2200181 i 4500001000300000245012100003260004300124300003500167651003500202700002800237700003200265020001500297040000800312041000800320080002600328008004100354856009800395bg00aStudia nad reformowaną gospodarką :baspekty instytucjonalne /cred. nauk. Marek Okólski, Urszula Sztanderska. aWarszawa :bWydaw. Naukowe PWN,c1996. a468, [2] s. :bwykr. ;c21 cm. 9aPolskaxgospodarkayod 1989 r.1 aOKÓLSKI, Marek.eRed.1 aSZTANDERSKA, Urszula.eRed. a8301119721 cBPK0 apol a338.22(438)"1989/..." s pl f |000 0 pol  uhttp://koha.tu.koszalin.pl/cgi-bin/koha/opac-detail.pl?biblionumber=30976yKatalog online BPK